LEADER 05272nam 2200685Ia 450 001 9910451828103321 005 20200520144314.0 010 $a1-4552-8756-3 010 $a1-4623-1827-4 010 $a1-283-53713-3 010 $a9786613849588 010 $a1-4623-6973-1 035 $a(CKB)2550000000102100 035 $a(EBL)1587033 035 $a(SSID)ssj0000674634 035 $a(PQKBManifestationID)11404713 035 $a(PQKBTitleCode)TC0000674634 035 $a(PQKBWorkID)10662083 035 $a(PQKB)11501396 035 $a(MiAaPQ)EBC1587033 035 $a(Au-PeEL)EBL1587033 035 $a(CaPaEBR)ebr10556819 035 $a(CaONFJC)MIL384958 035 $a(OCoLC)867927264 035 $a(EXLCZ)992550000000102100 100 $a20121025d2011 uy 0 101 0 $aeng 135 $aurcn||||||||| 181 $ctxt 182 $cc 183 $acr 200 00$aRegional economic outlook$b[electronic resource] $iEurope $estrengthening the recovery 210 $aWashington, D.C. $cInternational Monetary Fund$dc2011 215 $a1 online resource (113 p.) 225 0$aWorld economic and financial surveys 300 $a"May 11." 311 $a1-61635-063-6 320 $aIncludes bibliographical references. 327 $aCover; Contents; Introduction and Overview; Tables; 1. European Countries: Real GDP Growth and CPI Inflation, 2009-12; 1. Advanced Europe: Tackling the Sovereign Crisis; Recovery Continues; Figures; 1.1. Euro Area: Contributions to GDP Growth, 2006:Q1-2010:Q4; 1.2. Euro Area: Current Crisis Compared with Past Episodes, 1960:Q2-2010:Q4; 1.1. Selected European Countries: Share of Exports by Destination, 2009; 1.3. EA4 and Rest of Euro Area (RoEA): Contributions to GDP Growth, 2008:Q2-2010:Q4; 1.4. Selected European Countries and the United States: Unemployment Rate, January 2006-December 2010 327 $aBoxes 1.1. Domestic Demand and Recovery in the Large Euro Area Countries; 1.5. Selected Euro Area Countries: Change in Sovereign and Bank Credit Default Swap (CDS) Spreads, January 2010-March 2011; 1.6. Euro Area: Banking Sector Risk Index, 2007-11; 1.7. Selected European Countries: Key Short-Term Indicators; 1.8. Euro Area: Credit Developments; 1.2. Deleveraging in the Euro Area; 1.9. Selected Advanced Countries: Claims on Domestic Banks and Public Sector; 1.10. Selected European Countries: Headline and Core Inflation, January 2006-March 2011 327 $aTurning the Page on the Crisis: Policy Requirements 1.2. Greece, Ireland, Portugal, and Spain: Authorities' Measures to Restore Confidence and Regain Competitiveness; 1.3. Unemployment and Inequality in the Wake of the Crisis; 1.11. Selected Advanced European Countries: Changes in General Government Fiscal Deficits, 2010-13; 1.3. Advanced European Countries: Main Macroeconomic Indicators, 2009-12; 1.12. Selected European Countries: Impact of Fiscal Policies on GDP Growth, 2011-12; 1.13. Selected European Countries: Residential Real Estate Prices 327 $a1.4. Selected European Countries: Headline Inflation and Contribution of Food and Fuel Prices 2. Emerging Europe: Underwriting a Solid Recovery; Developments in 2010; 2.1. Emerging Europe: Contributions to GDP Growth, 2010; 2.2. Emerging Europe: Real Exports and Trading Partner Imports, 2009-10; 2.3. Emerging Europe: Real Private Sector Credit Growth; 2.4. Emerging Europe: Unemployment Rate; 2.1. Russia: A Tepid Recovery from a Deep Recession; 2.5. Emerging Europe: Inflation, 2008-10; 2.6. Emerging Europe: Net Capital Inflows; The Outlook for 2011 and 2012 327 $a2.2. Turkey's New Monetary Policy Strategy 2.1. Emerging Europe: Growth of Real GDP, Domestic Demand, Exports, and Private Consumption, 2009-12; 2.7. Emerging Europe: Contributions to GDP Growth, 2011-12; 2.8. Emerging Europe: Private Consumption and Investment Ratios, and Employment, 2000-12; 2.9. Emerging Europe and Selected Regions: Real Per Capita GDP Growth; Risks to the Outlook; 2.2. Emerging Europe: CPI Inflation, Current Account Balance, and External Debt, 2009-12; 2.10. Selected Emerging Market Economies: Costs of Funding and Vulnerabilities 327 $a2.11. CESE and EA4 Countries: Funding Costs, 2007-11 330 $aThe May 2011 Regional Economic Outlook: Europe anticipates that recovery in the region will solidify, with recoveries in advanced and emerging Europe likely to be mutually reinforcing. Advanced Europe continues to absorb most of emerging Europe's exports, while the role of emerging Europe as a market for advanced Europe will expand. Chapters discuss the outlook and policy priorities for advanced and emerging Europe, and analyze the role of financial integration in the buildup and resolution of imbalances within the euro area. 410 0$aRegional Economic Outlook 517 3 $aEurope 606 $aEconomic forecasting$zEurope 606 $aEconomic development$zEurope 608 $aElectronic books. 615 0$aEconomic forecasting 615 0$aEconomic development 712 02$aInternational Monetary Fund. 801 0$bMiAaPQ 801 1$bMiAaPQ 801 2$bMiAaPQ 906 $aBOOK 912 $a9910451828103321 996 $aRegional economic outlook$91916023 997 $aUNINA